Safety, protective and occupational footwear for professional use. Part II. Specification for safety footwear. (Record no. 73563)

MARC details
000 -LEADER
fixed length control field 00416nam a2200121Ia 4500
245 #0 - TITLE STATEMENT
Title Safety, protective and occupational footwear for professional use. Part II. Specification for safety footwear.
260 ## - PUBLICATION, DISTRIBUTION, ETC. (IMPRINT)
Year of publication 2002
500 ## - GENERAL NOTE
General note Standard number: IS 15298 Part II ISO 8782 -2; 1998
650 ## - SUBJECT ADDED ENTRY--TOPICAL TERM
Topical Term Occupational footwear
650 ## - SUBJECT ADDED ENTRY--TOPICAL TERM
Topical Term Safety footwear
942 ## - ADDED ENTRY ELEMENTS (KOHA)
Koha item type Standards
Holdings
Withdrawn status Lost status Damaged status Not for loan Collection code Home library Current library Date acquired Koha item type
      Standards Indian standards RRII Library RRII Library 31/12/2021 Standards